[Event "AUTO-ELITE-2121"]
[Site "http://www.queenalice.com/game.php?id=1603777"]
[Date "2020.3.22"]
[Round "2"]
[White "Sexxy_Bunny"]
[Black "kobra23"]
[Result "1/2-1/2"]
[WhiteElo "2667"]
[BlackElo "2641"]

1. e4 e5 2. Nf3 Nc6 3. Bb5 a6 4. Ba4 Nf6 5. O-O Be7 6. Re1 b5 7. Bb3 O-O 8. c3
d5 9. exd5 Nxd5 10. Nxe5 Nxe5 11. Rxe5 c6 12. d4 Bd6 13. Re1 Qh4 14. g3 Qh3 15.
Re4 g5 16. Qf1 Qh5 17. Nd2 Bh3 18. Qe2 Qg6 19. Nf3 f6 20. Ne1 Kh8 21. Bd2 Bf5
22. f3 g4 23. Bc2 gxf3 24. Qxf3 Bxe4 25. Bxe4 f5 26. Bxd5 cxd5 27. Ng2 Rae8 28.
Bf4 Re4 29. Bxd6 Qxd6 30. a3 Qh6 31. Nf4 Rd8 32. Rf1 a5 33. Kg2 b4 34. axb4 axb4
35. Rf2 bxc3 36. bxc3 Kg8 37. Rb2 Kh8 38. Rb7 Rg8 39. Qh5 Qxh5 40. Nxh5 Re2+ 41.
Kh3 Rg6 42. Rb8+ Rg8 43. Rb5 Rf8 44. Nf4 Rc2 45. Nxd5 Re8 46. Nf4 Rxc3 47. Rxf5
Rc2 48. d5 Ra8 49. Rf7 Kg8 50. Rd7 Raa2 51. Kg4 Rxh2 52. Ne6 Ra3 53. Kf5 Rxg3
54. Rd8+ Kf7 55. Rd7+ Ke8 1/2-1/2

[Event "USA & EUROPE"]
[Site "http://www.queenalice.com/game.php?id=1620321"]
[Date "2020.7.14"]
[Round "2"]
[White "kobra23"]
[Black "Sexxy_Bunny"]
[Result "1/2-1/2"]
[WhiteElo "2642"]
[BlackElo "2678"]

1. e4 c5 2. Nf3 d6 3. d4 cxd4 4. Nxd4 Nf6 5. Nc3 a6 6. Be3 e5 7. Nb3 Be6 8. f3
Nbd7 9. Qd2 b5 10. O-O-O Be7 11. g4 b4 12. Nd5 Bxd5 13. exd5 Nb6 14. Qxb4 Nfxd5
15. Bxb6 Nxb6 16. f4 O-O 17. fxe5 a5 18. Qb5 Qc7 19. exd6 Bxd6 20. Kb1 a4 21.
Nd4 Rac8 22. Qf5 g6 23. Qf3 Be5 24. c3 a3 25. Nb5 Qc5 26. b3 Bg7 27. h4 Rce8 28.
h5 Re3 29. Qf2 Qe7 30. Qd2 Re8 31. Rh3 Re1 32. Rd3 Rxd1+ 33. Qxd1 Qe5 34. Rd2
Qe4+ 35. Bd3 Qf4 36. Bc2 Qe5 37. Bd3 Qc5 38. Qf1 Qg5 39. Rd1 Re3 40. Nxa3 Nd5
41. Nb5 Qxg4 42. hxg6 hxg6 43. Rc1 Rf3 44. Qd1 Ne3 45. Qh1 Rf2 46. Qa8+ Bf8 47.
Qe4 Qg3 48. Nd4 Qg5 49. a4 Bh6 50. Ne2 Nf1 51. Qe8+ Kh7 52. Rc2 Ne3 53. Rc1 Nd5
54. Rc2 Ne3 55. Rc1 Nd5 56. Rc2 Ne3 1/2-1/2

[Event "AUTO-ELITE-2087"]
[Site "http://www.queenalice.com/game.php?id=1622346"]
[Date "2020.7.31"]
[Round "2"]
[White "Alisa"]
[Black "kobra23"]
[Result "1-0"]
[WhiteElo "2761"]
[BlackElo "2633"]

1. e4 e5 2. Nf3 Nc6 3. Bc4 Nf6 4. d3 Bc5 5. c3 d6 6. O-O O-O 7. Re1 a6 8. h3 Ba7
9. a4 h6 10. Nbd2 Be6 11. Bxe6 fxe6 12. b4 Qe7 13. Nf1 Nh5 14. Ra2 Qf7 15. Kh2
Ne7 16. Rc2 Nf4 17. Be3 Bxe3 18. Rxe3 Nfg6 19. Qb1 Nc6 20. d4 b5 21. a5 Qf6 22.
Ng3 Nf4 23. Rd2 Rf7 24. Ne2 Ng6 25. Neg1 Raf8 26. Qb3 exd4 27. cxd4 e5 28. d5
Nd4 29. Qd3 Nf4 30. Qc3 Nh5 31. Ne2 Nxe2 32. Rdxe2 g5 33. Kg1 Nf4 34. Rc2 Qg6
35. Nh2 Kh8 36. f3 h5 37. Qd2 Rg8 38. Qc1 Qh7 39. Qd1 Rfg7 40. Rcc3 Qh6 41. Qe1
Qg6 42. Rc6 Ra8 43. Rec3 Qh7 44. Qe3 Rd7 45. Qf2 Rg7 46. Rc2 Rf8 47. Qe3 Ra8 48.
R6c3 Rf7 49. Kf1 g4 50. hxg4 hxg4 51. Nxg4 Rg8 52. Ke1 Qh1+ 53. Kd2 Rh7 54. Qe1
Qxg2+ 55. Kd1 Qh1 56. Qxh1 Rxh1+ 57. Kd2 Rh3 58. Rc1 1-0

[Event "AUTO-ELITE-2087"]
[Site "http://www.queenalice.com/game.php?id=1622347"]
[Date "2020.7.31"]
[Round "2"]
[White "kobra23"]
[Black "Alisa"]
[Result "0-1"]
[WhiteElo "2639"]
[BlackElo "2748"]

1. e4 c5 2. Nf3 d6 3. d4 cxd4 4. Nxd4 Nf6 5. Nc3 a6 6. Be3 e5 7. Nb3 Be6 8. f3
h5 9. Qd2 Nbd7 10. O-O-O Be7 11. a3 Rc8 12. Kb1 b5 13. h4 O-O 14. Bg5 Re8 15.
Nc1 Qc7 16. N1a2 Nb6 17. Nb4 Qb7 18. Bxf6 Bxf6 19. Nbd5 Bd8 20. g4 hxg4 21. fxg4
Nxd5 22. Nxd5 Rc5 23. h5 Bxd5 24. exd5 e4 25. h6 g6 26. Bg2 e3 27. Qd3 Kh7 28.
Bf3 Bg5 29. Be2 a5 30. Rhf1 b4 31. a4 Kxh6 32. Rf3 Kg7 33. Rdf1 Re7 34. Qd4+ Re5
35. Ba6 Qe7 36. Be2 f6 37. Qd1 Rexd5 38. Bd3 Qe5 39. Rh3 f5 40. Rfh1 Bf6 41. c3
Kf8 42. gxf5 gxf5 43. Qe2 Rxd3 44. Qxd3 bxc3 45. Ka2 c2 46. Qb3 c1=N+ 47. Rxc1
Rxc1 48. Rxe3 Qc5 49. Qb8+ Kg7 50. Qb7+ Kg6 51. Rg3+ Bg5 52. Qb5 Kf6 53. Rd3 Be3
54. Qb8 Qc4+ 55. Rb3 Qxa4+ 56. Ra3 Qc4+ 57. Rb3 Qe6 0-1

[Event "AUTO-ELITE-2281"]
[Site "http://www.queenalice.com/game.php?id=1631763"]
[Date "2020.11.4"]
[Round "1"]
[White "Donidon"]
[Black "kobra23"]
[Result "0-1"]
[WhiteElo "2372"]
[BlackElo "2647"]

1. e4 e5 2. f4 exf4 3. Nf3 g5 4. d4 g4 5. Ne5 Qh4+ 6. g3 fxg3 7. Qxg4 Qxg4 8.
Nxg4 Nc6 9. Be3 d6 10. Be2 Bg7 11. hxg3 h5 12. Nf2 Nxd4 13. Bxd4 Bxd4 14. Nd3
Nf6 15. Nd2 Be6 16. Nf3 Be3 17. e5 Ne4 18. exd6 Nxg3 19. Rh2 cxd6 20. Rg2 Nf5
21. a4 O-O-O 22. a5 h4 23. Ra4 h3 24. Rh2 Rdg8 25. a6 b5 26. Re4 Bd5 27. Rb4 Rg2
0-1

[Event "AUTO-ELITE-2281"]
[Site "http://www.queenalice.com/game.php?id=1631764"]
[Date "2020.11.4"]
[Round "1"]
[White "kobra23"]
[Black "Donidon"]
[Result "1-0"]
[WhiteElo "2644"]
[BlackElo "2376"]

1. e4 e5 2. Nf3 Nc6 3. Bb5 a6 4. Ba4 Nf6 5. O-O Be7 6. Re1 b5 7. Bb3 O-O 8. c3
Bb7 9. h3 d6 10. d4 exd4 11. cxd4 Na5 12. Bc2 Nc4 13. b3 Nb6 14. Bd2 Nbd7 15.
Ba5 d5 16. e5 Ne4 17. Nc3 Nxc3 18. Bxc3 c5 19. Qe2 g6 20. e6 fxe6 21. Qxe6+ Rf7
22. dxc5 Nxc5 23. Qg4 Ne4 24. Bxe4 dxe4 25. Ne5 Rf5 26. Nxg6 1-0

[Event "AUTO-ELITE-2281"]
[Site "http://www.queenalice.com/game.php?id=1631769"]
[Date "2020.11.4"]
[Round "1"]
[White "Sexxy_Bunny"]
[Black "kobra23"]
[Result "1/2-1/2"]
[WhiteElo "2688"]
[BlackElo "2649"]

1. e4 e5 2. Nf3 Nc6 3. Bb5 a6 4. Ba4 Nf6 5. O-O Be7 6. Re1 b5 7. Bb3 O-O 8. c3
d5 9. exd5 Nxd5 10. Nxe5 Nxe5 11. Rxe5 c6 12. d4 Bd6 13. Re1 Qh4 14. g3 Qh3 15.
Re4 g5 16. Qf1 Qh5 17. Nd2 Bh3 18. Qe2 Qg6 19. Nf3 f6 20. Ne1 Kh8 21. Bd2 Bf5
22. f3 g4 23. Bc2 gxf3 24. Qxf3 Bxe4 25. Bxe4 f5 26. Bxd5 cxd5 27. Ng2 Rae8 28.
Bf4 Re4 29. Bxd6 Qxd6 30. a3 Qh6 31. Nf4 Rd8 32. Rf1 a5 33. Kg2 b4 34. axb4 axb4
35. Rf2 bxc3 36. bxc3 Kg8 37. Ra2 Kh8 38. Re2 Rg8 39. Rf2 Qc6 40. Nh3 Rf8 41.
Nf4 Rg8 42. Nh5 Qg6 43. Qxf5 Qxf5 44. Rxf5 Rc8 45. Rxd5 Ree8 46. Rd7 Rf8 47. Kh3
Rxc3 48. Kh4 Rcc8 49. Ng7 Rcd8 50. Rxd8 Rxd8 51. Nf5 h6 52. Nxh6 Rxd4+ 53. Kg5
Kh7 54. Nf5 Rd2 55. h4 Rd1 56. g4 Rg1 57. Nd4 Rb1 58. Nf3 Kg7 59. Nd4 Rb4 60.
Nf5+ Kh7 61. Ng3 Ra4 62. Kf5 Ra5+ 63. Kf4 Ra4+ 64. Kf5 Ra5+ 65. Kf4 Ra4+ 66. Kf5
Ra5+ 1/2-1/2

[Event "AUTO-ELITE-2281"]
[Site "http://www.queenalice.com/game.php?id=1631770"]
[Date "2020.11.4"]
[Round "1"]
[White "kobra23"]
[Black "Sexxy_Bunny"]
[Result "1/2-1/2"]
[WhiteElo "2643"]
[BlackElo "2686"]

1. e4 c5 2. Nf3 d6 3. d4 cxd4 4. Nxd4 Nf6 5. Nc3 a6 6. Be3 e5 7. Nb3 Be6 8. f3
Nbd7 9. Qd2 b5 10. O-O-O Be7 11. g4 b4 12. Nd5 Bxd5 13. exd5 Nb6 14. Qxb4 Nfxd5
15. Bxb6 Nxb6 16. f4 O-O 17. fxe5 a5 18. Qe4 d5 19. Qf3 a4 20. Nd4 Qc7 21. a3
Rab8 22. Kb1 Rfc8 23. c3 Bxa3 24. Nb5 Nc4 25. Nxc7 Rxb2+ 26. Ka1 Na5 27. Qxd5
Nb3+ 28. Qxb3 axb3 29. Nb5 Ra2+ 30. Kb1 1/2-1/2

[Event "AUTO-ELITE-2281"]
[Site "http://www.queenalice.com/game.php?id=1758443"]
[Date "2021.5.4"]
[Round "2"]
[White "kobra23"]
[Black "Sexxy_Bunny"]
[Result "0-1"]
[WhiteElo "2643"]
[BlackElo "2711"]

1. e4 c5 2. Nf3 d6 3. d4 cxd4 4. Nxd4 Nf6 5. Nc3 a6 6. Be3 e5 7. Nb3 Be6 8. f3
Nbd7 9. Qd2 b5 10. O-O-O Be7 11. g4 b4 12. Nd5 Bxd5 13. exd5 Nb6 0-1

[Event "AUTO-ELITE-2281"]
[Site "http://www.queenalice.com/game.php?id=1758444"]
[Date "2021.5.4"]
[Round "2"]
[White "Sexxy_Bunny"]
[Black "kobra23"]
[Result "1-0"]
[WhiteElo "2704"]
[BlackElo "2650"]

1. e4 e5 2. Nf3 Nc6 3. Bb5 a6 4. Ba4 Nf6 5. O-O Be7 6. Re1 b5 7. Bb3 O-O 8. c3
d5 9. exd5 Nxd5 10. Nxe5 Nxe5 11. Rxe5 c6 12. d4 Bd6 13. Re1 Qh4 14. g3 1-0

[Event "AUTO-ELITE-2281"]
[Site "http://www.queenalice.com/game.php?id=1758445"]
[Date "2021.5.4"]
[Round "2"]
[White "kobra23"]
[Black "BEBADO"]
[Result "1-0"]
[WhiteElo "2638"]
[BlackElo "2286"]

1. e4 c5 2. Nf3 e6 3. d4 cxd4 4. Nxd4 Nf6 5. Nc3 d6 6. g4 h6 7. h4 Nc6 8. Rg1 d5
9. exd5 Nxd5 10. Nxd5 Qxd5 11. Nxc6 Qxc6 12. Be3 Be7 13. Qe2 Bxh4 14. O-O-O Bd7
15. Bd4 Bf6 16. Bxf6 gxf6 17. Bg2 Qc7 18. Qe3 Bc6 19. Bxc6+ Qxc6 20. Rg3 Rc8 21.
Qd2 Kf8 22. Rc3 Qe8 23. f4 h5 24. g5 fxg5 25. Qd6+ Kg7 26. Rxc8 Qxc8 27. Qe7 1-0

[Event "AUTO-ELITE-2281"]
[Site "http://www.queenalice.com/game.php?id=1758446"]
[Date "2021.5.4"]
[Round "2"]
[White "BEBADO"]
[Black "kobra23"]
[Result "0-1"]
[WhiteElo "2332"]
[BlackElo "2636"]

1. e4 e5 2. Nf3 Nc6 3. d4 exd4 4. Nxd4 Nf6 5. Nxc6 bxc6 6. e5 Qe7 7. Qe2 Nd5 8.
c4 Ba6 9. b3 g6 10. f4 d6 11. exd6 Qxe2+ 12. Bxe2 Bg7 13. cxd5 Bxe2 14. Kxe2
cxd5 15. Nc3 Bxc3 16. Rb1 c6 17. Ba3 Kd7 18. Kd3 Bg7 19. f5 Be5 20. Rbf1 g5 0-1

[Event "AUTO-ELITE-2390"]
[Site "http://www.queenalice.com/game.php?id=1781362"]
[Date "2022.1.26"]
[Round "1"]
[White "kobra23"]
[Black "Donidon"]
[Result "0-1"]
[WhiteElo "2631"]
[BlackElo "2253"]

1. e4 e5 2. Nf3 Nc6 3. Bb5 a6 4. Ba4 Nf6 5. O-O b5 6. Bb3 Be7 7. Re1 O-O 8. c3
Bb7 9. h3 h6 10. d4 d6 11. Nbd2 Re8 12. Nf1 Bf8 13. Ng3 exd4 14. cxd4 Na5 15.
Bc2 Nc4 16. b3 Nb6 17. Bb2 Nbd7 18. h4 Nb6 19. Qd2 d5 20. e5 Ne4 21. Qf4 Nxg3
22. fxg3 Bb4 23. Rf1 Rf8 24. Qf5 g6 25. Qf4 Kg7 26. Bc1 Bc3 0-1

[Event "AUTO-ELITE-2390"]
[Site "http://www.queenalice.com/game.php?id=1781363"]
[Date "2022.1.26"]
[Round "1"]
[White "Donidon"]
[Black "kobra23"]
[Result "1-0"]
[WhiteElo "2276"]
[BlackElo "2616"]

1. e4 e5 2. Nf3 Nc6 3. d4 exd4 4. Nxd4 Nf6 5. Nc3 Bb4 6. Nxc6 bxc6 7. Bd3 d5 8.
exd5 cxd5 9. O-O O-O 10. Bg5 c6 11. a3 Bd6 12. Qf3 Re8 13. Rae1 Be6 14. h3 Rb8
15. b4 h6 16. Bxf6 Qxf6 17. Qxf6 gxf6 18. Re2 Kf8 19. Rfe1 a5 20. bxa5 Bxa3 21.
Na4 Bb4 22. Ra1 Bxa5 23. Nc5 Bb6 24. Rxe6 fxe6 25. Nd7+ Ke7 26. Nxb8 1-0

[Event "AUTO-ELITE-2390"]
[Site "http://www.queenalice.com/game.php?id=1781364"]
[Date "2022.1.26"]
[Round "1"]
[White "kobra23"]
[Black "RaulSoft"]
[Result "0-1"]
[WhiteElo "2643"]
[BlackElo "2751"]

1. e4 e5 2. Nf3 Nc6 3. Bb5 Nf6 4. O-O Nxe4 5. d4 Nd6 6. Bxc6 dxc6 7. dxe5 Nf5 8.
Qxd8+ Kxd8 9. Nc3 Bd7 10. h3 h6 11. b3 Kc8 12. Bb2 b6 13. Rad1 c5 14. Nd5 a5 15.
a4 c4 16. g4 Ne7 17. Nf4 cxb3 18. cxb3 Nc6 19. Rd3 Rg8 20. Rfd1 Be8 21. e6 Bd6
22. Rxd6 cxd6 23. Nd2 Kb7 24. Nc4 Rd8 25. Ba3 Ka7 26. Nxd6 fxe6 27. Nxe6 Rd7 28.
Nf8 Rd8 29. Ne6 Rd7 30. Nf8 Rd8 31. Ne6 Rb8 0-1

[Event "AUTO-ELITE-2390"]
[Site "http://www.queenalice.com/game.php?id=1781365"]
[Date "2022.1.26"]
[Round "1"]
[White "RaulSoft"]
[Black "kobra23"]
[Result "1-0"]
[WhiteElo "2757"]
[BlackElo "2637"]

1. d4 Nf6 2. c4 e6 3. g3 d5 4. Bg2 dxc4 5. Qa4+ Nbd7 6. Qxc4 a6 7. Be3 Bd6 8.
Qc2 O-O 9. Nh3 e5 10. Nc3 c6 11. Rd1 Qe7 12. O-O h6 13. Rfe1 Re8 14. dxe5 Nxe5
15. Bd4 c5 16. Be3 Bxh3 17. Bxh3 b5 18. Nd5 Nxd5 19. Rxd5 Nc4 20. Bd2 Rad8 21.
b3 Na3 22. Qc1 b4 23. Be3 Nb5 24. Qc4 Nc3 25. Rd3 a5 26. a4 Qc7 27. Bg2 Bf8 28.
Bf3 Rxd3 29. exd3 Qd6 30. Bd2 Rxe1+ 31. Bxe1 Qe6 32. Qxe6 1-0